000
00194 a2200097 4500
001
26219
100
_a
N.C.C
245
_a
Management of computer
260
_a
_b
N.C.C
_c
090
_c
17698
_d
17698
942
_a
NUST-CAE
_c
M
_c
8555
999
_c
261292
_d
261292